Normal view
MARC view
- Naseer,Saira
Entry Personal Name
001 - CONTROL NUMBER
- control field: 5109
003 - CONTROL NUMBER IDENTIFIER
- control field: NUST
005 - DATE AND TIME OF LATEST TRANSACTION
- control field: 20170928162234.0
008 - FIXED-LENGTH DATA ELEMENTS
- fixed length control field: 170928|| aca||aabn | a|a d
040 ## - CATALOGING SOURCE
- Original cataloging agency: NUST
- Transcribing agency: NUST
100 ## - HEADING--PERSONAL NAME
- Personal name: Naseer,Saira
670 ## - SOURCE DATA FOUND
- Source citation: Work cat.: (NUST): Naseer,Saira, Determinants of income inequality among the earners in Pakistan, 2015
